[Event "5th FIDE GP"]
[Site "Jermuk ARM"]
[Date "2009.08.21"]
[Round "11"]
[White "Bacrot, E."]
[Black "Ivanchuk, V."]
[Result "1/2-1/2"]
[WhiteElo "2721"]
[BlackElo "2703"]
[PlyCount "125"]
[EventDate "2009.08.09"]

1. d4 d5 2. Nf3 Nf6 3. c4 c6 4. e3 Bf5 5. Nc3 e6 6. Nh4 Bg6 7. Be2 Nbd7 8. O-O
dxc4 9. Nxg6 hxg6 10. Bxc4 Bd6 11. g3 Qe7 12. f4 c5 13. d5 Nb6 14. Bb5+ Kf8 15.
dxe6 Qxe6 16. Be2 c4 17. Bf3 Bc5 18. Qe2 Rd8 19. Rd1 Ke7 20. Rxd8 Rxd8 21. Kh1
Qd7 22. b3 Bb4 23. Bb2 Qd3 24. Rc1 Rd7 25. bxc4 Nxc4 26. Nd5+ Rxd5 27. Rxc4
Qxe2 28. Bxe2 Rd2 29. Rxb4 Rxe2 30. Rxb7+ Ke6 31. Bxf6 gxf6 32. Rxa7 Rxe3 33.
Ra6+ Ke7 34. a4 Ra3 35. a5 Ra2 36. Kg1 Kf8 37. Ra8+ Kg7 38. a6 f5 39. Ra7 Kh6
40. Kf1 f6 41. Ra8 Kg7 42. h4 Ra3 43. Kf2 Kh7 44. Kg2 Kh6 45. Kf1 Kh7 46. Ra7+
Kh6 47. Kf2 Kh5 48. Ke2 Kh6 49. Ra8 Kg7 50. Ra7+ Kh6 51. Ra8 Kg7 52. Kd2 Rxg3
53. Kc2 g5 54. hxg5 fxg5 55. fxg5 f4 56. Rb8 Ra3 57. Rb6 Ra5 58. g6 f3 59. Kd2
Ra2+ 60. Ke1 Re2+ 61. Kf1 Ra2 62. Rc6 Kh6 63. Rb6 1/2-1/2

[Event "5th FIDE GP"]
[Site "Jermuk ARM"]
[Date "2009.08.21"]
[Round "11"]
[White "Eljanov, P."]
[Black "Cheparinov, I."]
[Result "1-0"]
[WhiteElo "2716"]
[BlackElo "2678"]
[PlyCount "105"]
[EventDate "2009.08.09"]

1. d4 Nf6 2. c4 g6 3. Nc3 Bg7 4. e4 d6 5. Nf3 O-O 6. Be2 e5 7. O-O Nc6 8. d5
Ne7 9. Ne1 Nd7 10. f3 f5 11. g4 Kh8 12. Nd3 f4 13. Rf2 Bf6 14. Rg2 Bh4 15. b4
h5 16. g5 Ng8 17. Kh1 Rf7 18. c5 Nf8 19. Nb5 Bh3 20. Rg1 a6 21. Na3 Bxg5 22.
Nc4 Bf6 23. Bf1 Bc8 24. Bb2 g5 25. cxd6 cxd6 26. Rxg5 Bxg5 27. Ncxe5 dxe5 28.
Nxe5 Kg7 29. Nc6+ Qf6 30. Bxf6+ Bxf6 31. e5 bxc6 32. exf6+ Nxf6 33. dxc6 Be6
34. Rc1 Raa7 35. a4 Rae7 36. b5 axb5 37. axb5 N8d7 38. Bc4 Bxc4 39. Rxc4 Ne5
40. Rxf4 Re6 41. Qg1+ Kh8 42. Qc1 Nxc6 43. bxc6 Rc7 44. Rc4 Kg7 45. f4 Kf7 46.
f5 Rd6 47. h3 Ng8 48. Rc2 Ne7 49. Qg5 Rcxc6 50. Qxh5+ Kf8 51. Qh8+ Kf7 52. Rg2
Nxf5 53. Qh7+ 1-0